1063 1840 1729 1505 1684 1259 1727 1407 1429 1014 1140 1378 1370 1996 1009 1891 1643 1904 1896 1755 1168 1845 1942 1081 1976 1606 1724 1099 1615 1049 1092 1698 1670 1107 1009 1145 1878 1074 1241 1189 1250 1332 1780 1069 1527 1020 1058 1356 1319 1295 1326 1507 1429 1022 1737 1887 1007 1963 1651 1182 1150 1798 1921 1938 1617 1569 1673 1146 1658 1773 1382 1381 1878 1176 1375 1706 1562 1734 1657 1722 1905 1216 1367 1679 1532 1418 1109 1303 1143 1516 1840 1043 1726 1883 1448 1655 1895 1930 1233 BCNSPRNW ULIB Ver.6.0+V

เปลี่ยนเป็นภาษาไทย

Change to English
 แสดงรายละเอียดบรรณานุกรม
  กลับหน้าหลัก

Brief Record : Get Marc (ISO 2709) : E-mail record : QR code < ปิดหน้าต่าง
LEADER : 00000nam 2200000uu 4500
001    13399112072
003     ULIB
008    110627s2552||||th 000 0 tha d
060  4 WY18.5^bอ336ค 2552
100 0  อรพินธุ์ เพียรรุ่งเรือง
245 00 ความสัมพันธ์ระหว่างคะแนนสอบ และร้อยละการสอบผ่านการสอบความรู้เพื่อขึ้นทะเบียนและรับใบอนุญาตเป็นผู้ประกอบวิชาชีพการพยาบาล และคะแนนสอบข้อสอบมาตรฐานของวิทยาลัยในสังกัดพระบรมราชชนกกับคะแนนประเมินคุณภาพของสำนักรับรองมาตรฐานและประเมินคุณภาพการศึกษา ปีการศึกษา/^cอรพินธุ์ เพียรรุ่งเรือง
260    พิษณุโลก :^bวิทยาลัยการสาธารณสุขสิริธร จังหวัดพิษณุโลก,^c2552
300    72 หน้า
650  7 วิทยาลัยการสาธารณสุขสิริธร จังหวัดพิษณุโลก
650  7 การสอบ^xรับใบอนุญาตเป็นผู้ประกอบวิชาชีพพยาบาล^xวิจัย
945    ^p0^l0^i027799
995    ทศพร
999 ^a ใช้งานได้ทุกระบบ
รายการนี้ยังไม่มีแท็ก
คุณยังไม่ได้ล็อกอิน คุณสามารถมีกิจกรรมร่วมกับเว็บไซต์ได้ แต่ต้องล็อกอินก่อน ::
  ล็อกอิน

รายการสื่อสารสนเทศ

ลำดับที่ ประเภท เลขเรียก/บาร์โค้ด สถานที่ สถานะ
- ไม่พบข้อมูล -

รายการใกล้เคียง
    ผู้แต่ง [อรพินธุ์ เพียรรุ่งเรือง]

BibComment


ยังไม่เคยถูกคอมเมนท์

คอมเมนท์ทรัพยากรรายการนี้
  คอมเมนท์: ความสัมพันธ์ระหว่..


 Copyright 2026. Bcnsprnw @Library